| 000 | 00666 a2200205 4500 | ||
|---|---|---|---|
| 001 | 62732 | ||
| 005 | 20260407155920.0 | ||
| 008 | 260407a1986 arg spa d | ||
| 003 | AR-UNSa-BCEJYS | ||
| 040 |
_aAR-UNSa-BCEJYS _bspa _cAR-UNSa-BCEJYS |
||
| 080 |
_a35.073 _xAspectos económicos y jurídicos (Auditoría) |
||
| 245 | 1 | 0 | _aEstado, sindicatos y relaciones colectivas en la función pública |
| 020 | _a978-84-7351-202-2 | ||
| 264 | 1 |
_aMadrid : _bInstituto Nacional de Administración Pública (INAP) _c1986 |
|
| 300 |
_a252 p. _c19 cm. |
||
| 041 | _aspa | ||
| 942 | _cBK | ||
| 590 | _aniveau_biblio:m niveau_hierar:0 | ||
| 100 | 1 | _aRey Guanter, Salvador Del | |
| 999 |
_c7774 _d7774 |
||